00801 a2200193 45000010006000000050017000060080041000230030015000640400040000790800159001192450048002780200022003262640038003483000019003865050138004050410008005431000022005517000034005736060320260407155857.0260407a1985 arg spa dAR-UNSa-BCEJYS aAR-UNSa-BCEJYSbspacAR-UNSa-BCEJYS a321.01xTeoría general del Estado. Teoría y filosofía del poder. Estado y territorio. Autoridad y oposición. Usurpación (Filosofía política)10aEl estadopLa lògica del poder político a978-84-206-2749-6 1aMadrid :bAlianza Editorialc1985 a338 p.c20 cm. a1. El estado capitalista - 2. El estado adversario – 3. Valores democráticos – 4. Redistribución – 5. Capitalismo de estado aspa1 aDe Jasay, Anthony1 aCaparrós Valderrama, Rafael